[Event "56.SMM Brixen/Milland-Deutschnofen/Alp"]
[Site "?"]
[Date "2024.12.14"]
[Round "4.2"]
[White "Sader, Michael"]
[Black "Lain, Luigi"]
[Result "0-1"]
[WhiteElo "2054"]
[BlackElo "2239"]
[PlyCount "88"]
[EventDate "2024.??.??"]

{[%evp 0,88,14,-12,16,32,28,28,41,29,19,14,6,-12,-21,-20,-5,-5,-10,-6,-22,-18,-24,16,6,-22,-5,-59,-49,-437,-82,-77,-83,-103,-85,-197,-223,-226,-247,-239,-239,-292,-286,-306,-306,-317,-360,-348,-255,-251,-249,-260,-268,-262,-254,-273,-259,-264,-274,-286,-320,-364,-352,-378,-380,-386,-382,-423,-421,-435,-382,-374,-369,-447,-447,-460,-462,-462,-462,-463,-462,-609,-662,-1252,-1322,-1322,-515,-519,-557,-592,-636]} 1. c4 c5 2. Nc3 Nc6 3. Nf3 g6 4. d4 cxd4 5. Nxd4 Bg7 6. Be3 Nf6 7. h3 O-O 8. g4 Ne5 9. b3 d5 10. g5 Ne4 11. Nxe4 dxe4 12. Qd2 f5 13. O-O-O f4 14. Bxf4 Rxf4 15. Qxf4 Nd3+ 16. Rxd3 exd3 17. Nb5 a6 18. Qc7 d2+ 19. Kd1 Bf5 20. Bg2 axb5 21. Bd5+ e6 22. Qxd8+ Rxd8 23. Bxb7 bxc4 24. e4 cxb3 25. axb3 Rd7 26. exf5 Rxb7 27. f6 Bf8 28. Kxd2 Rxb3 29. f4 Rf3 30. h4 Rxf4 31. Ke3 e5 32. Rh3 Kf7 33. Rh1 Bc5+ 34. Kd3 Rd4+ 35. Ke2 Rf4 36. Kd3 Bf2 37. h5 Bh4 38. Rb1 Bxg5 39. Rb7+ Kxf6 40. Rxh7 gxh5 41. Rxh5 Rd4+ 42. Kc3 Rd8 43. Rh1 e4 44. Rf1+ Ke5 0-1

[Event "56.SMM Brixen/Milland-Deutschnofen/Alp"]
[Site "?"]
[Date "2024.12.14"]
[Round "4.3"]
[White "Micheli, Carlo"]
[Black "Kofler, Thomas"]
[Result "1-0"]
[WhiteElo "2143"]
[BlackElo "1976"]
[PlyCount "83"]
[EventDate "2024.??.??"]

{[%evp 0,83,14,-11,-6,-34,-28,-51,19,6,12,12,12,-8,4,4,12,0,9,-20,21,21,30,6,26,21,46,46,48,34,38,-17,72,146,142,144,153,170,170,169,169,169,163,177,155,148,166,173,146,146,171,182,171,173,176,173,192,192,198,191,208,208,188,191,189,172,180,180,234,296,296,186,187,199,225,202,192,154,170,198,213,213,259,306,495,512]} 1. c4 Nf6 2. g3 e5 3. Bg2 c5 4. Nc3 Nc6 5. d3 d6 6. e3 g6 7. Nge2 Bg7 8. a3 O-O 9. Rb1 a5 10. O-O Bg4 11. h3 Be6 12. Nd5 Bxd5 13. cxd5 Ne7 14. Nc3 Qd7 15. b4 Rfc8 16. bxc5 Rxc5 17. Na4 Rb5 18. Nb6 Rxb6 19. Rxb6 Nfxd5 20. Rb2 a4 21. Bd2 b5 22. Qb1 Rb8 23. Rc1 Nc7 24. Bb4 Ne6 25. Rbc2 Bf8 26. Qa2 Kg7 27. h4 h5 28. Bh3 f5 29. d4 exd4 30. exd4 d5 31. Bg2 Rd8 32. Ba5 Ra8 33. Bc7 Kh8 34. Be5+ Bg7 35. Qb2 Ra7 36. Qb4 Rb7 37. Qd2 Kh7 38. f4 Kg8 39. Qe3 Bxe5 40. Qxe5 b4 41. axb4 Rxb4 42. Rc7 1-0

[Event "56.SMM Brixen/Milland-Deutschnofen/Alp"]
[Site "?"]
[Date "2024.12.14"]
[Round "4.4"]
[White "Paulmichl, Martin"]
[Black "Tonina, Filippo"]
[Result "1-0"]
[WhiteElo "1945"]
[BlackElo "1972"]
[PlyCount "87"]
[EventDate "2024.??.??"]

{[%evp 0,87,30,29,86,37,83,71,67,67,80,60,78,76,94,94,72,63,91,85,85,85,85,63,54,16,-18,-72,-5,-16,0,-23,-28,-70,-45,-29,44,44,75,51,29,49,50,70,55,30,23,25,33,11,18,7,62,72,64,59,88,86,95,114,118,95,214,191,190,190,198,196,219,217,228,237,238,244,248,244,265,267,323,311,410,268,412,488,568,329,380,442,472,480]} 1. d4 d6 2. Bf4 g6 3. e4 Nf6 4. Nc3 c6 5. Qd2 b5 6. a3 a6 7. Be2 Bb7 8. Nf3 Nbd7 9. e5 dxe5 10. dxe5 Nd5 11. Nxd5 cxd5 12. e6 fxe6 13. Qe3 Qb6 14. Qxb6 Nxb6 15. Be5 Rg8 16. Ng5 Nd7 17. Bg3 h6 18. Nxe6 Kf7 19. Bg4 Nf6 20. Bh3 Bc8 21. Nc7 Bxh3 22. Nxa8 Bxg2 23. Rg1 Be4 24. Nc7 Bxc2 25. Nxa6 Bg7 26. Rc1 Bf5 27. Be5 Ra8 28. Nb4 g5 29. f3 Rd8 30. Bd4 e5 31. Nc6 Re8 32. Nxe5+ Kg8 33. Kd1 Nh5 34. Nc6 Nf4 35. Bxg7 Kxg7 36. Nd4 Bg6 37. Rc7+ Kf6 38. Kd2 b4 39. axb4 Rb8 40. b5 Bd3 41. Rc6+ Ke5 42. Kc3 Ne2+ 43. Kxd3 Nxg1 44. Rc1 1-0

[Event "56.SMM Brixen/Milland-Deutschnofen/Alp"]
[Site "?"]
[Date "2024.12.14"]
[Round "4.5"]
[White "Welsch, Ulrich"]
[Black "Wisthaler, Lukas"]
[Result "0-1"]
[WhiteElo "1855"]
[BlackElo "1860"]
[PlyCount "90"]
[EventDate "2024.??.??"]

{[%evp 0,90,26,15,15,15,27,-10,22,30,13,5,35,27,24,18,39,52,72,18,21,33,39,34,49,39,27,19,79,55,134,128,191,128,175,138,238,219,162,131,114,165,138,164,167,163,170,130,116,109,138,150,227,129,152,120,113,108,108,111,111,86,98,77,103,78,83,53,79,60,60,-452,-483,-572,-524,-819,-822,-1310,-509,-512,-514,-525,-533,-571,-485,-574,-531,-586,-510,-661,-533,-538,-560]} 1. d4 d5 2. Nf3 Nf6 3. g3 c6 4. Bg2 Bf5 5. Nh4 Bd7 6. Nd2 h6 7. c4 Qb6 8. c5 Qc7 9. b4 e5 10. dxe5 Qxe5 11. Rb1 Be7 12. Bb2 Qc7 13. Qc2 Qc8 14. e4 dxe4 15. Nxe4 Nxe4 16. Bxe4 O-O 17. Nf5 Bxf5 18. Bxf5 Qc7 19. Rd1 Rd8 20. Rxd8+ Bxd8 21. O-O Nd7 22. Rd1 Nf8 23. Qe4 Qe7 24. Qg4 Qg5 25. Qf3 a5 26. h4 Qe7 27. Qg4 f6 28. a3 axb4 29. axb4 Bc7 30. Kf1 Re8 31. Bc3 Be5 32. Bd2 Rd8 33. Bc2 Kh8 34. Qe2 Qe6 35. Qf3 Qc4+ 36. Ke1 Qxc2 37. Qh5 Bc3 38. Bxc3 Qxc3+ 39. Kf1 Rxd1+ 40. Qxd1 Qxb4 41. Qd6 Kg8 42. Ke2 Qc4+ 43. Ke3 Qe6+ 44. Kd4 Qxd6+ 45. cxd6 Kf7 0-1

[Event "56.SMM B ASD Arci BZ 3-Klausen/Rk 2"]
[Site "?"]
[Date "2024.12.14"]
[Round "4.1"]
[White "Schrott, Karl"]
[Black "Püchler, Ruben"]
[Result "1-0"]
[WhiteElo "1957"]
[BlackElo "1797"]
[PlyCount "101"]
[EventDate "2024.??.??"]

{[%evp 0,95,18,25,28,-5,26,-36,-37,-37,-33,-32,-33,-42,-2,9,15,14,36,-20,-10,-69,-53,-134,-5,-36,-46,-65,-56,-50,-50,-50,-58,-71,45,-2,126,117,122,122,123,100,90,20,62,62,79,80,84,83,105,103,103,36,84,47,47,47,25,24,84,81,214,57,52,64,206,202,200,200,200,210,210,215,214,214,214,220,212,223,229,228,238,239,239,237,306,308,331,352,377,385,389,437,813,833,866,994]} 1. d4 Nf6 2. c4 e5 3. e3 exd4 4. exd4 d5 5. Nf3 Bb4+ 6. Bd2 Qe7+ 7. Be2 dxc4 8. O-O Be6 9. Ne5 O-O 10. Bg5 h6 11. Bh4 Bd6 12. Bf3 c6 13. Nc3 Nbd7 14. Re1 g5 15. Bg3 Rad8 16. Qe2 Bd5 17. h4 Rfe8 18. hxg5 hxg5 19. Qd2 Qf8 20. Qxg5+ Qg7 21. Qf5 Bxf3 22. Qxf3 Bxe5 23. dxe5 Ng4 24. e6 Rxe6 25. Rxe6 fxe6 26. Qe4 Ndf6 27. Qxe6+ Qf7 28. Qf5 Qh5 29. Qf4 b5 30. Re1 Qh6 31. Qxh6 Nxh6 32. Bh4 Rf8 33. Re6 Kg7 34. Rxc6 Nf5 35. Bxf6+ Rxf6 36. Rxf6 Kxf6 37. Nxb5 a6 38. Na3 Nd6 39. g3 Ke5 40. Kf1 Kd4 41. Ke2 Nf5 42. Nc2+ Kc5 43. g4 Ne7 44. f4 a5 45. Kf3 Kd5 46. Ne3+ Kd4 47. Nf5+ Nxf5 48. gxf5 a4 49. f6 a3 50. bxa3 Kd3 51. f7 1-0

[Event "56.SMM B ASD Arci BZ 3-Klausen/Rk 2"]
[Site "?"]
[Date "2024.12.14"]
[Round "4.2"]
[White "Addante, Francesco"]
[Black "Ingenuin, Sigmund"]
[Result "1/2-1/2"]
[WhiteElo "1805"]
[BlackElo "1708"]
[PlyCount "82"]
[EventDate "2024.??.??"]

1. Nf3 d5 2. g3 Nf6 3. Bg2 c6 4. O-O g6 5. c4 Bg7 6. d4 O-O 7. Nc3 dxc4 8. Ne5 Be6 9. e4 Qa5 10. d5 cxd5 11. exd5 Rd8 12. Nxc4 Qc5 13. Qb3 Nxd5 14. Rd1 Nc6 15. Nxd5 Bxd5 16. Bxd5 Rxd5 17. Be3 Rxd1+ 18. Rxd1 Qb4 19. Qc2 Rc8 20. a3 Qb5 21. Qe4 Qa4 22. Qg4 f5 23. Qe2 b5 24. Nd2 Rd8 25. b3 Qa5 26. b4 Qa4 27. Rc1 Ne5 28. Bf4 Qxa3 29. Rc7 Qd3 30. Qe1 Nf3+ 31. Nxf3 Qxf3 32. Qe6+ Kh8 33. Rd7 Qa8 34. Qxe7 Rxd7 35. Qxd7 a6 36. Bc7 Bc3 37. Qe7 Qc8 38. Bd8 Qc4 39. Qf8+ Qg8 40. Bf6+ Bxf6 41. Qxf6+ Qg7 1/2-1/2

[Event "56.SMM B ASD Arci BZ 3-Klausen/Rk 2"]
[Site "?"]
[Date "2024.12.14"]
[Round "4.3"]
[White "Gafriller, Alexander"]
[Black "Terletskyi, Oleh Mycola"]
[Result "0-1"]
[WhiteElo "1653"]
[BlackElo "1730"]
[PlyCount "98"]
[EventDate "2024.??.??"]

1. e4 d6 2. Nf3 Nf6 3. Nc3 g6 4. Bc4 Bg7 5. d3 a6 6. a3 b5 7. Ba2 Bb7 8. O-O O-O 9. Rb1 c5 10. b4 Qc7 11. Nd5 Nxd5 12. exd5 c4 13. dxc4 bxc4 14. Re1 Re8 15. Re4 c3 16. Rh4 Nd7 17. Bh6 Bh8 18. Qd3 Rac8 19. Re1 a5 20. Ree4 axb4 21. axb4 Ra8 22. Bb3 Ra1+ 23. Re1 Rea8 24. Qe3 Nf6 25. Rh5 Nxh5 26. h3 Rxe1+ 27. Qxe1 Nf6 28. Qd1 Bg7 29. Bxg7 Kxg7 30. Qd3 Bc8 31. Qd4 Ra1+ 32. Kh2 Rb1 33. g4 Rxb3 34. g5 Rb2 35. gxf6+ exf6 36. Ne1 Bf5 37. Qd1 Rxb4 38. Nf3 Qb6 39. Kg3 Be4 40. h4 Bxf3 41. Kxf3 Qd4 42. Qxd4 Rxd4 43. Ke3 Rxd5 44. Ke4 Rd2 45. f3 Rxc2 46. Kd3 Rc1 47. Ke2 Rh1 48. Kd3 Rxh4 49. Kxc3 Rf4 0-1

[Event "56.SMM B ASD Arci BZ 3-Klausen/Rk 2"]
[Site "?"]
[Date "2024.12.14"]
[Round "4.4"]
[White "Borgese, Alessio"]
[Black "Senn, Stefan"]
[Result "1-0"]
[WhiteElo "1638"]
[BlackElo "1640"]
[PlyCount "119"]
[EventDate "2024.??.??"]

1. d4 c6 2. Nc3 d5 3. Bf4 Nf6 4. e3 Bf5 5. f3 e6 6. g4 Bg6 7. h4 h6 8. Bd3 Bxd3 9. Qxd3 Bd6 10. Nge2 Qc7 11. O-O-O Nbd7 12. Bxd6 Qxd6 13. g5 Nh5 14. g6 f5 15. e4 Nf4 16. Qe3 Nxe2+ 17. Nxe2 fxe4 18. Qf4 Qxf4+ 19. Nxf4 Ke7 20. fxe4 dxe4 21. Rhe1 Nf6 22. Nh3 Rad8 23. Nf2 Rd5 24. Nxe4 b6 25. c4 Rh5 26. Ng3 Rxh4 27. Nf5+ Kd7 28. Nxh4 h5 29. Rd3 Re8 30. Ra3 a5 31. Rb3 Kc7 32. Rd3 Kd7 33. Nf3 Kd6 34. a3 Kd7 35. Ng5 Ng4 36. d5 cxd5 37. cxd5 e5 38. Rh3 Nf6 39. Nf7 e4 40. d6 Re6 41. Rb3 Nd5 42. Rh1 e3 43. Re1 h4 44. Kd1 h3 45. Rb5 e2+ 46. Kd2 Ne3 47. Rxe2 Nc4+ 48. Kd3 Rxe2 49. Kxe2 h2 50. Rh5 Nxb2 51. Rxh2 Nc4 52. Rh8 b5 53. Rd8+ Kc6 54. Rc8+ Kd7 55. Rxc4 bxc4 56. Kd2 Kc6 57. Kc3 Kd7 58. Kxc4 Kc6 59. a4 Kd7 60. Kb5 1-0

[Event "56.SMM B ASD Arci BZ 3-Klausen/Rk 2"]
[Site "?"]
[Date "2024.12.14"]
[Round "4.5"]
[White "Rabensteiner, Christian"]
[Black "Mantuano, Nathan"]
[Result "0-1"]
[WhiteElo "1561"]
[BlackElo "1611"]
[PlyCount "50"]
[EventDate "2024.??.??"]

1. d4 d5 2. c4 e6 3. Nc3 a6 4. Nf3 dxc4 5. e3 b5 6. b3 b4 7. Na4 c3 8. a3 a5 9. axb4 axb4 10. Bc4 c5 11. O-O Nf6 12. Re1 Bb7 13. Ne5 Nc6 14. Bb5 Qc7 15. e4 Bd6 16. Bf4 O-O 17. Bxc6 Bxc6 18. f3 Bb5 19. Bg3 Nh5 20. Bf2 Bxa4 21. Rxa4 Bxe5 22. dxe5 Qxe5 23. f4 Nxf4 24. Bg3 Qg5 25. Qc1 Ne2+ 0-1

[Event "56.SMM B ASD Arci BZ 2-Taufers"]
[Site "?"]
[Date "2024.12.14"]
[Round "4.3"]
[White "Kugler, Walter"]
[Black "Pichler, Klaus"]
[Result "0-1"]
[WhiteElo "1764"]
[BlackElo "1818"]
[PlyCount "64"]
[EventDate "2024.??.??"]

{[%evp 0,64,36,10,28,42,67,70,70,50,61,66,69,43,45,41,50,18,41,29,35,35,52,-74,37,35,79,74,74,72,72,72,69,69,96,96,96,96,97,95,95,95,95,114,325,248,325,275,273,156,154,154,575,129,585,173,174,-261,-277,-284,-285,-293,-297,-294,-291,-300,-300]} 1. e4 d5 2. exd5 Qxd5 3. Nf3 Nf6 4. d4 Bg4 5. Be2 e6 6. c4 Qa5+ 7. Bd2 Bb4 8. O-O Nc6 9. a3 Bxd2 10. Nbxd2 Rd8 11. h3 Bxf3 12. Nxf3 Qb6 13. c5 Qxb2 14. Rb1 Qxa3 15. Rxb7 O-O 16. Rxc7 Nb4 17. Qa1 Qxa1 18. Rxa1 Nc2 19. Raxa7 Nxd4 20. Nxd4 Rxd4 21. c6 e5 22. Rcb7 Rd2 23. Bb5 Rc2 24. Ba4 Rc1+ 25. Kh2 Ne4 26. Re7 Rc5 27. Bb3 Nd6 28. c7 Nc8 29. Rxf7 Rxf7 30. Rb7 Kf8 31. Bxf7 Kxf7 32. Kg3 Ke6 0-1

[Event "56.SMM B ASD Arci BZ 2-Taufers"]
[Site "?"]
[Date "2024.12.14"]
[Round "4.5"]
[White "Innerbichler, Robert"]
[Black "Gasparro, Antonio"]
[Result "1/2-1/2"]
[WhiteElo "1678"]
[BlackElo "1664"]
[PlyCount "63"]
[EventDate "2024.??.??"]

{[%evp 0,63,10,25,32,34,37,26,44,42,64,44,29,22,25,12,33,1,1,4,12,10,-8,-11,-10,-17,-9,10,24,8,42,0,4,1,-3,-3,1,1,-3,-6,19,12,11,17,23,21,10,6,5,11,4,0,0,0,0,0,0,-13,2,6,0,12,7,-13,-14,-27]} 1. e4 d5 2. exd5 Nf6 3. Nf3 Nxd5 4. d4 g6 5. Be2 Bg7 6. O-O O-O 7. c3 Bg4 8. Ne5 Bxe2 9. Qxe2 Nd7 10. Nf3 Re8 11. Qb5 N7b6 12. Bg5 c6 13. Qb3 Qc7 14. Re1 Nd7 15. Nbd2 e5 16. dxe5 Nxe5 17. Nxe5 Bxe5 18. Nf3 Bg7 19. Bh4 Ne7 20. Bg3 Qb6 21. Rad1 Nf5 22. Qxb6 axb6 23. Rxe8+ Rxe8 24. Kf1 Nxg3+ 25. hxg3 Bf6 26. Rd7 Re7 27. Rxe7 Bxe7 28. Ke2 Bf6 29. Nd2 b5 30. Ne4 Be7 31. f3 f5 32. Nd2 1/2-1/2

[Event "56.SMM B Ridnaun/St-Sparkasse Team"]
[Site "?"]
[Date "2024.12.14"]
[Round "4.4"]
[White "Giorgione, Roberto"]
[Black "Saxl, Alexander"]
[Result "1-0"]
[WhiteElo "1688"]
[BlackElo "1564"]
[PlyCount "77"]
[EventDate "2024.??.??"]
[SourceVersionDate "2024.12.20"]

{[%evp 0,77,38,21,21,-34,-23,-32,-9,15,-10,-61,39,-65,-50,-52,-65,-57,-41,-57,41,-31,-27,-39,16,24,30,27,58,-16,59,59,360,354,361,378,367,383,458,430,439,429,472,406,408,401,420,437,443,380,400,400,433,413,421,428,471,462,464,438,443,451,457,407,411,448,490,466,466,475,468,487,488,489,620,658,945,573,608,610]} 1. e4 e5 2. d3 Nc6 3. c3 Bc5 4. Nf3 d6 5. a3 a5 6. Qc2 Bg4 7. Nbd2 Nf6 8. Be2 O-O 9. O-O b5 10. b3 b4 11. Bb2 bxa3 12. Bxa3 Bxa3 13. Rxa3 Rb8 14. Rd1 Be6 15. d4 Bxb3 16. Nxb3 exd4 17. Nbxd4 Nxd4 18. cxd4 Rb7 19. Rxa5 Qb8 20. Ra2 Rb6 21. Ng5 h6 22. Nf3 c6 23. h3 Qb7 24. e5 dxe5 25. Nxe5 Nd5 26. Raa1 Rb2 27. Qc4 Nf4 28. Bf3 Qe7 29. Nd3 Nxd3 30. Qxd3 Rfb8 31. Qc4 Qf6 32. Qxc6 Qf4 33. Qe4 Qd6 34. d5 R2b4 35. Qc2 Rb2 36. Qc6 Qe5 37. d6 Rd2 38. d7 Rxd1+ 39. Rxd1 1-0

[Event "56.SMM B Ridnaun/St-Sparkasse Team"]
[Site "?"]
[Date "2024.12.14"]
[Round "4.5"]
[White "Ratschiller, Manuel"]
[Black "Helfer, Sieghard"]
[Result "1-0"]
[WhiteElo "1713"]
[BlackElo "1692"]
[PlyCount "41"]
[EventDate "2024.??.??"]
[SourceVersionDate "2024.12.20"]

{[%evp 0,41,21,21,77,76,88,49,74,74,111,92,70,43,68,50,41,40,34,25,280,321,321,101,101,96,103,107,82,70,99,88,71,77,109,50,107,90,90,88,124,78,292,292]} 1. e4 g6 2. d4 Bg7 3. Nf3 d6 4. Bc4 e6 5. O-O Ne7 6. Be3 Nd7 7. c3 a6 8. Nbd2 b6 9. Ng5 Nf8 10. Qf3 f6 11. Nh3 Bb7 12. Nf4 d5 13. Bb3 Qd7 14. exd5 Bxd5 15. Bxd5 exd5 16. c4 c6 17. Rac1 Kf7 18. cxd5 cxd5 19. Nd3 Qf5 20. Nf4 Ne6 21. g4 1-0

[Event "56.SMM B Steinegg/Rk-Richter/Lask 2"]
[Site "Shredder fur iPad"]
[Date "2024.12.14"]
[Round "4.1"]
[White "Fongarolli, Diego"]
[Black "Engl, Stefan"]
[Result "1/2-1/2"]
[WhiteElo "1943"]
[BlackElo "2004"]
[PlyCount "48"]
[EventDate "2024.??.??"]

{[%evp 0,48,19,31,41,51,27,15,57,-7,4,47,33,59,59,37,24,20,7,22,22,23,23,3,38,0,5,11,28,33,21,60,52,-23,15,-14,1,-11,7,12,17,18,19,17,12,13,31,24,18,10,53]} 1. e4 e6 2. d4 d5 3. Nd2 c5 4. exd5 Qxd5 5. Ngf3 cxd4 6. Bc4 Qd6 7. O-O Nf6 8. Nb3 Nc6 9. Nbxd4 Nxd4 10. Nxd4 a6 11. Re1 Qc7 12. Bb3 Bd6 13. h3 O-O 14. Bg5 Be5 15. c3 h6 16. Be3 b6 17. Qe2 Bb7 18. Rad1 Rfe8 19. Nf3 Bf4 20. Bxf4 Qxf4 21. Qe5 Qxe5 22. Nxe5 Rad8 23. Nc4 Nd5 24. Rd4 Kf8 1/2-1/2

[Event "56.SMM B Steinegg/Rk-Richter/Lask 2"]
[Site "Shredder fur iPad"]
[Date "2024.12.14"]
[Round "4.3"]
[White "Kowalczyk, Martin"]
[Black "Engl, Alexander"]
[Result "1-0"]
[WhiteElo "1825"]
[BlackElo "1906"]
[PlyCount "65"]
[EventDate "2024.??.??"]

{[%evp 0,65,30,16,30,19,74,26,32,32,32,19,64,56,56,39,28,27,21,20,40,45,43,36,67,83,96,100,101,107,89,108,101,94,115,106,127,116,122,128,111,123,105,81,121,117,114,108,192,153,200,197,206,215,236,164,167,136,176,183,222,221,281,293,306,255,293,341]} 1. Nf3 e6 2. g3 f5 3. c4 d5 4. Bg2 Nf6 5. O-O c6 6. cxd5 exd5 7. Qc2 Bd6 8. d3 O-O 9. Nc3 Nbd7 10. e4 fxe4 11. dxe4 Nxe4 12. Nxe4 dxe4 13. Ng5 Nf6 14. Qb3+ Kh8 15. Nf7+ Rxf7 16. Qxf7 h6 17. Bd2 Be5 18. Bc3 Bxc3 19. bxc3 Qg8 20. Qg6 Qc4 21. Rae1 Be6 22. Bxe4 Bf7 23. Qf5 Rd8 24. Bb1 Rd7 25. Re3 Bg8 26. Rfe1 Rf7 27. Re7 Qxc3 28. Qd3 Qxd3 29. Bxd3 Nd5 30. Re8 Rd7 31. Bf5 Rd6 32. R1e6 Rd7 33. Rxg8+ 1-0

[Event "56.SMM B Steinegg/Rk-Richter/Lask 2"]
[Site "Shredder fur iPad"]
[Date "2024.12.14"]
[Round "4.4"]
[White "Lantschner, Carmen"]
[Black "Unterweger, Christian"]
[Result "1-0"]
[WhiteElo "1799"]
[BlackElo "1727"]
[PlyCount "53"]
[EventDate "2024.??.??"]

{[%evp 0,53,31,31,31,11,22,29,25,-8,19,8,-15,10,12,-22,-24,-109,26,-92,-100,-100,-56,-131,-129,-141,-140,-144,-113,-114,-112,-129,-103,-148,-108,-88,-57,-63,-34,-7,-6,-8,87,74,77,70,318,197,315,315,721,1535,1028,29986,29987,29992]} 1. e4 e5 2. Nf3 Nc6 3. Nc3 Nf6 4. d4 exd4 5. Nxd4 Bb4 6. Nxc6 bxc6 7. Qd4 Qe7 8. e5 d5 9. Bd2 Bc5 10. Qf4 Bd6 11. Qa4 Qxe5+ 12. Be2 Bd7 13. f4 Qe7 14. O-O-O O-O 15. Rde1 Qd8 16. h3 Re8 17. Bf3 c5 18. Qa6 c6 19. Nxd5 Nxd5 20. Bxd5 Bxf4 21. Bxf7+ Kxf7 22. Bxf4 Qb6 23. Qd3 Be6 24. Qxh7 Bxa2 25. Qh5+ g6 26. Qh7+ Kf6 27. Bg5+ 1-0

[Event "56.SMM B Steinegg/Rk-Richter/Lask 2"]
[Site "Shredder fur iPad"]
[Date "2024.12.14"]
[Round "4.5"]
[White "Pardeller, Arthur"]
[Black "Schroffenegger, Simon"]
[Result "0-1"]
[WhiteElo "1786"]
[BlackElo "1753"]
[PlyCount "60"]
[EventDate "2024.??.??"]

{[%evp 0,60,31,16,29,-23,-15,-18,-12,6,28,25,77,87,96,98,100,79,102,67,73,61,77,56,90,34,36,52,52,38,45,32,45,-312,-317,-342,-348,-377,-288,-281,-295,-295,-293,-328,-345,-385,-347,-345,-291,-396,-243,-290,-279,-439,-378,-524,-415,-29993,-756,-1685,-29984,-29987,-718]} 1. d4 d5 2. c4 e6 3. Nc3 Nf6 4. e3 c6 5. Nf3 dxc4 6. Bxc4 Bb4 7. O-O O-O 8. a3 Ba5 9. b4 Bc7 10. Bb2 b5 11. Bd3 Bb7 12. Ng5 h6 13. Nge4 Nbd7 14. Qf3 Nxe4 15. Bxe4 Nf6 16. Bxc6 Qd6 17. Qh3 Bxc6 18. f4 Nd5 19. Ne4 Qe7 20. Rac1 Bd7 21. g4 f5 22. Nf2 Rac8 23. Qf3 Qh4 24. h3 Bb8 25. Rc5 fxg4 26. hxg4 Rxc5 27. dxc5 Bc6 28. Qe4 Qg3+ 29. Qg2 Qxg2+ 30. Kxg2 Nxe3+ 0-1

[Event "56.SMM B SSV Naturns-Deutschnofen/Alp 2"]
[Site "?"]
[Date "2024.12.14"]
[Round "4.3"]
[White "Pichler, Hubertus"]
[Black "Nägele, Raimund"]
[Result "1/2-1/2"]
[WhiteElo "1718"]
[BlackElo "1758"]
[PlyCount "47"]
[EventDate "2024.??.??"]

{[%evp 0,47,19,9,42,28,24,30,55,2,23,17,12,19,22,10,17,23,36,31,63,29,41,23,2,10,46,50,54,43,64,55,85,34,87,66,242,246,411,200,200,177,168,55,59,48,143,52,317,53]} 1. d4 Nf6 2. Bf4 e6 3. Nf3 b6 4. c4 Bb7 5. e3 Be7 6. h3 O-O 7. Be2 d5 8. Nc3 a6 9. O-O Nbd7 10. a3 c5 11. Rc1 cxd4 12. exd4 Rc8 13. cxd5 exd5 14. Re1 Re8 15. Bd3 b5 16. b4 Nb6 17. Bf5 Ra8 18. Nxb5 Bxb4 19. Rxe8+ Nxe8 20. Nc7 Bxa3 21. Nxa8 Bxc1 22. Qxc1 Qxa8 23. Qc5 Nc4 24. Qe7 1/2-1/2

[Event "56.SMM B SSV Naturns-Deutschnofen/Alp 2"]
[Site "?"]
[Date "2024.12.14"]
[Round "4.4"]
[White "Gurschler, Thomas"]
[Black "Kofler, Stefan"]
[Result "1-0"]
[WhiteElo "1897"]
[BlackElo "1553"]
[PlyCount "54"]
[EventDate "2024.??.??"]

{[%evp 0,54,28,30,20,13,41,43,45,-37,-11,-2,-7,-44,-39,-52,-27,-21,-1,-20,154,139,153,-3,43,29,33,28,49,49,61,86,228,138,302,308,297,297,369,368,369,380,367,370,370,387,395,382,440,328,440,434,455,459,513,419,1615]} 1. d4 d5 2. Bf4 Bf5 3. e3 Nf6 4. c4 e6 5. Nc3 Bb4 6. Qb3 Nc6 7. Nf3 O-O 8. Be2 Ne4 9. O-O b6 10. cxd5 Bxc3 11. bxc3 Qxd5 12. c4 Qd7 13. Rac1 Ne7 14. h3 Ng6 15. Bh2 c5 16. Rfd1 Qc6 17. g4 Bxg4 18. hxg4 Nf6 19. Ne5 Nxe5 20. Bxe5 Ne4 21. Bf3 f5 22. Qd3 Rf7 23. Bg2 Raf8 24. f4 Qe8 25. Bxe4 fxe4 26. Qxe4 Qa4 27. Qc2 g5 1-0